| 000 | 01055cam a2200265 a 4500 | ||
|---|---|---|---|
| 001 | 000015433 | ||
| 005 | 20240503073630.0 | ||
| 008 | 890612r1986 sp b 001 0bspa d | ||
| 040 |
_aDO-SdBNP _cDLC _dDLC |
||
| 043 | _ae-sp--- | ||
| 082 |
_a150.195 _bD542q |
||
| 100 | 1 |
_aDíaz de Benjumea, Nicolás, _d1829-1884. _934840 |
|
| 240 | 1 | 0 | _aVerdad sobre El Quijote |
| 245 | 1 | 3 |
_aEl Quijote de Benjumea / _cintroducción, intento de psicoanálisis de Cervantes / por Fredo Arías de la Canal. |
| 260 |
_aBarcelona : _bRondas, _c1986. |
||
| 300 |
_axxxi, 199 p. ; _c22 cm. |
||
| 500 | _aReimpresión. Publicado originalmente: Madrid: Imp.. De Gaspar, 1878. | ||
| 504 | _aIncluye referencias bibliograficas (p. xxxi). | ||
| 600 | 1 | 0 |
_aCervantes Saavedra, Miguel de, _d1547-1616 _93070 |
| 600 | 2 | 0 |
_aCERVANTES SAAVEDRA, MIGUEL DE _d1547-1616. _tDON QUIJOTE. _913671 |
| 650 | 4 |
_aAutores españoles _yPERIODO CLÁSICO, 1500-1700 _xBiografía _934841 |
|
| 700 | 1 |
_aArías de la Canal, Fredo _eintrod. _98096 |
|
| 910 | _aCatalogación derivada | ||
| 049 | _aBNGR | ||
| 999 |
_c14991 _d14991 |
||